THE MAGIC OF HAND WEAVING (Record no. 17246)

MARC details
000 -LEADER
fixed length control field 00289nam a22001337a 4500
003 - CONTROL NUMBER IDENTIFIER
control field SGT
020 ## - INTERNATIONAL STANDARD BOOK NUMBER
International Standard Book Number 0-873499-384-2
082 ## - DEWEY DECIMAL CLASSIFICATION NUMBER
Classification number 746.92
Item number T04P
100 ## - MAIN ENTRY--PERSONAL NAME
Personal name PIROCH, SIGRID
245 ## - TITLE STATEMENT
Title THE MAGIC OF HAND WEAVING
260 ## - PUBLICATION, DISTRIBUTION, ETC. (IMPRINT)
Place of publication, distribution, etc U.S.A
Name of publisher, distributor, etc K.P.PUB.
Year of Publication 2004
300 ## - PAGE DESCRIPTION
No. of Pages 144
942 ## - ADDED ENTRY ELEMENTS (KOHA)
Source of classification or shelving scheme Dewey Decimal Classification
Koha item type Books
Holdings
Withdrawn status Lost status Source of classification or shelving scheme Damaged status Not for loan Home library Current library Shelving location Date acquired Vendor Name Cost, normal purchase price SGTU Bill Number Total Checkouts Full call number Accession No. (Barcode) Date last seen Bill Date Koha item type
    Dewey Decimal Classification     SGT Science & Social Sciences Library SGT Science & Social Sciences Library Reference Book 01/04/2019 PANKAJ PUB. 1780.06 SGTU 4321   746.92 T04P FF645 01/04/2019 01/04/2019 Books